| 000 | 01184nam0a2200325 i 4500 | ||
|---|---|---|---|
| 001 | RU\NLR\bibl\1888638 | ||
| 005 | 20260408063946.0 | ||
| 010 |
_a9785699532568 _94000 |
||
| 021 |
_aRU _b2012-17729 _9120д/12 |
||
| 035 | _a(NLR Aleph) 001878341 | ||
| 090 |
_a2756002 _c2756002 |
||
| 100 | _a20120406d2012 u y0rusy50 ca | ||
| 101 | 0 | _arus | |
| 102 | _aRU | ||
| 105 | _aa ||||||||| | ||
| 200 | 1 |
_aИдеальная свадьба, или Как устроить праздник своей мечты _f[Wedding, свадебный журн.] |
|
| 210 |
_aМосква _cЭксмо _d2012 |
||
| 215 |
_a208 с. _cцв. ил. _d29 |
||
| 225 | 1 | _aДосуг | |
| 517 | 0 | _aКак устроить праздник своей мечты | |
| 606 |
_aСвадебные обряды _91608571 _3RU\NLR\auth\661006995 |
||
| 606 | 1 |
_aСвадьбы _xОрганизация _92545923 _3RU\NLR\auth\661506874 |
|
| 686 | _aТ595.192 | ||
| 686 | _aЧ711.254 | ||
| 712 | 0 | 2 |
_4570 _8eng _8rus _a"Wedding", журнал _cМосква _7ba _7ca _3RU\NLR\AUTH\8810209326 _9305958 |
| 801 | 0 |
_aRU _bNLR _c20120406 _gRCR |
|
| 801 | 1 |
_aRU _bNLR _c20120406 |
|
| 942 | _cBOOK | ||
| 980 | _aNBR | ||